000
00279 a2200121 4500
000
nam a22 7a 4500
005
20260406102406.0
100
_a
Bretz
_9
1234087
245
_a
Chemistry: An atom focused approach
250
_a
4th
260
_b
norton
_c
2025
942
_c
TEXL
999
_c
1847969
_d
1847969